A guide to understanding the Bible: (Record no. 3309)

000 -LEADER
fixed length control field 00634nam a2200181 a 4500
001 - CONTROL NUMBER
control field :::00001039$&:&@@
003 - CONTROL NUMBER IDENTIFIER
control field OkBaRHE
005 - DATE AND TIME OF LATEST TRANSACTION
control field 20000607103241.0
008 - FIXED-LENGTH DATA ELEMENTS--GENERAL INFORMATION
fixed length control field s1938 j 000 0 eng u
040 ## - CATALOGING SOURCE
Transcribing agency
100 1# - MAIN ENTRY--PERSONAL NAME
Personal name Fosdick, Harry Emerson, 1878-1969.
245 12 - TITLE STATEMENT
Title A guide to understanding the Bible:
Remainder of title the development of ideas withing the Old and New Testament.
260 ## - PUBLICATION, DISTRIBUTION, ETC. (IMPRINT)
Place of publication, distribution, etc London, UK:EN., :
Name of publisher, distributor, etc Student Christian Movement Press
Date of publication, distribution, etc c1938
300 ## - PHYSICAL DESCRIPTION
Extent 348 p. ;
Dimensions 23 cm.
650 ## - SUBJECT ADDED ENTRY--TOPICAL TERM
Topical term or geographic name as entry element Bible
General subdivision Theology
942 ## - ADDED ENTRY ELEMENTS (KOHA)
Source of classification or shelving scheme
Koha item type Books
Copies
Koha item type Copy number Date acquired Shelving location Lost status Withdrawn status Date last seen Damaged status Not for loan Full call number Source of classification or shelving scheme Price effective from Barcode Permanent Location
Books12010-04-14General Stacks  2010-04-14  BS 511 .F57 2010-04-141039RHEMA Bible Training College